书目信息 |
| 题名: |
家用电脑使用指南
|
|
| 作者: | 朱鹤翔 编 | |
| 分册: | ||
| 出版信息: | 北京 电子工业出版社 1993.11 |
|
| 页数: | 271页 | |
| 开本: | 20cm | |
| 丛书名: | ||
| 单 册: | ||
| 中图分类: | TP368.3 | |
| 科图分类: | ||
| 主题词: | 微型计算机 | |
| 电子资源: | ||
| ISBN: | 7-5053-2143-9 | |
| 000 | 00559nam0 2200193 450 | |
| 001 | 0833986573 | |
| 005 | 20080110092739.40 | |
| 010 | @a7-5053-2143-9@dCNY6.50 | |
| 100 | @a20080110d1993 km y0chiy0120 ea | |
| 101 | 0 | @achi |
| 102 | @aCN@b110000 | |
| 200 | 1 | @a家用电脑使用指南@Ajia yong dian nao shi yong zhi nan@f朱鹤翔等编@Fzhu he xiang deng bian |
| 210 | @a北京@c电子工业出版社@d1993.11 | |
| 215 | @a271页@d20cm | |
| 606 | 0 | @a微型计算机 |
| 690 | @aTP368.3@v4 | |
| 701 | 0 | @a朱鹤翔@Azhu he xiang@4编 |
| 801 | 0 | @aCN@bPFT@c20080110 |
| 905 | @aBZT@dTP368.3@e41 | |
| 家用电脑使用指南/朱鹤翔等编.-北京:电子工业出版社,1993.11 |
| 271页;20cm |
| ISBN 7-5053-2143-9:CNY6.50 |
| ● |
| 相关链接 |
|
|
|
正题名:家用电脑使用指南
索取号:TP368.3/41
 
预约/预借
| 序号 | 登录号 | 条形码 | 馆藏地/架位号 | 状态 | 备注 |
| 1 | 064712 | 220004375 | 中心书库中库/ 中库027架A面5列5层18/ [索取号:TP368.3/41] | 在馆 |